000 00433nam a2200169Ia 4500
008 221030s9999 xx 000 0 und d
020 _a9354600212
041 _aEnglish
100 _aK. Aswathappa
245 0 _aHuman Resource Management - Text & Cases
_cby K. Aswathappa, S. Dash
250 _a9th
260 _bMcGraw - Hill Pub.
_aChennai
_c2021
300 _a764
650 _aManagement
700 _aS. Dash
942 _cBK
999 _c18739
_d18739